00855nam a22001817a 4500003000900000008004100009040007100050082001700121100002800138245010400166260003300270300002800303505025700331650001400588650002000602650001200622700003900634AR-CdUCM190503b ||||| |||| 00| 0 spa d aMUNICIPALIDAD PROVINCIAL DEL CUSCOcBIBLIOTECA MUNICIPAL DEL CUSCO a333.3 /bP87 aProudhon, Pierre-Joseph a¿Que es la propiedad? :binvestigaciones acerca de su principio, de su derecho y de su autoridad / aValencia :bF. Sempere y Ca. a250 páginas ;c16 cm. aContenido: Método seguido en esta obra -- De la propiedad considerada como derecho natural -- Del trabajo como causa eficiente del derecho de propiedad -- La propiedad es imposible -- Exposiciones psicológicas de la idea de lo justo é injusto ... aPropiedad aInvestigación aDerecho aGómez Pinilla, A. (traducción)